[Event "SRB-chT3 West CS"]
[Site "Serbia"]
[Date "2017.10.14"]
[Round "9.3"]
[White "Ikic, Alija"]
[Black "Tadic, Radovan"]
[Result "1/2-1/2"]
[WhiteElo "2164"]
[BlackElo "2009"]
[PlyCount "139"]
[EventDate "2017.09.03"]
[EventType "team-tourn"]
[EventRounds "11"]
[EventCountry "SRB"]
[SourceTitle "EXT 2021"]
[Source "ChessBase"]
[SourceDate "2020.10.23"]
[SourceVersion "1"]
[SourceVersionDate "2020.10.23"]
[SourceQuality "1"]

1. Nf3 d5 2. c4 c6 3. b3 Nf6 4. g3 g6 5. Bg2 Bg7 6. Bb2 0-0 7. 0-0 Re8 8. d3 Nbd7 9. Nc3 e5 10. cxd5 cxd5 11. Rc1 a6 12. Na4 Rb8 13. Nc5 b6 14. Nxd7 Nxd7 15. Rc2 Bb7 16. Qa1 f6 17. Nd2 Bf8 18. a3 Bd6 19. b4 Qe7 20. e3 b5 21. Nb3 Rec8 22. Rfc1 Rxc2 23. Rxc2 Nb6 24. Na5 Ba8 25. Qa2 Qe6 26. Bc1 Rc8 27. Bd2 Rxc2 28. Qxc2 Qc8 29. Qxc8+ Nxc8 30. Kf1 Kf7 31. Ke2 Ke6 32. e4 Nb6 33. f3 f5 34. Be3 Na4 35. Bd2 Nb6 36. Kd1 Nd7 37. Bh3 Nf6 38. Nb3 dxe4 39. dxe4 Nd7 40. Ke2 Kf6 41. Kd3 Nb6 42. Na5 Bc7 43. Nb3 Na4 44. Bc1 Bc6 45. Bg2 Bd7 46. h4 Be6 47. Kc2 Bb6 48. Bg5+ Kg7 49. Bh3 Bf2 50. g4 fxe4 51. fxe4 h5 52. Nc1 hxg4 53. Bg2 Nb6 54. Nd3 Bd4 55. Nc5 Bc8 56. Kb3 Nc4 57. a4 g3 58. axb5 axb5 59. Nd3 Be6 60. Kc2 Be3 61. Nxe5 Bxg5 62. Nxc4 Bxh4 63. Ne3 Kf6 64. Bf1 Bd7 65. Kd3 Ke5 66. Bg2 Bd8 67. Nd5 Bg4 68. Ke3 Bd1 69. Nc3 Bg4 70. Nxb5 1/2-1/2

[Event "SRB-chT3 West"]
[Site "Serbia"]
[Date "2010.10.03"]
[Round "4"]
[White "Tadic, Radovan"]
[Black "Grujovic, Milojica"]
[Result "1-0"]
[WhiteElo "1908"]
[BlackElo "1771"]
[PlyCount "67"]
[EventDate "2010.09.12"]
[EventType "team"]
[EventRounds "11"]
[EventCountry "SRB"]
[SourceTitle "EXT 2012"]
[Source "ChessBase"]
[SourceDate "2011.11.24"]
[SourceVersion "1"]
[SourceVersionDate "2011.11.24"]
[SourceQuality "1"]

1. e4 e5 2. Nf3 Nc6 3. d4 exd4 4. Nxd4 Nf6 5. Nc3 Bb4 6. Nxc6 bxc6 7. Bd3 d5 8. exd5 cxd5 9. 0-0 0-0 10. Bg5 c6 11. Qf3 Be7 12. Rfe1 Re8 13. Re5 Nd7 14. Bxh7+ Kxh7 15. Bxe7 Qxe7 16. Rxe7 Rxe7 17. Qg3 Nf6 18. Rd1 Bf5 19. h3 Rae8 20. Rc1 Kg8 21. Qf4 Bg6 22. a4 Re6 23. Qd4 R8e7 24. b4 Rc7 25. f3 Rd7 26. b5 cxb5 27. Nxb5 a6 28. Na3 Rc7 29. Rb1 Re8 30. Rb6 Rd7 31. Qb4 Kh7 32. Rxa6 Re1+ 33. Kh2 Re2 34. Rc6 1-0